000 00649nam a2200229Ia 4500
003 OSt
005 20210927083617.0
008 151021s9999 xx 000 0 und d
020 _a70921385
040 _aMMU
_beng
_cMMU
_dMMU
050 _aGV 341.W85 1999
100 _aDebra A.Wuest
245 _aFoundations of physical education and sport/
_cDeborah A. Wuest
250 _a13th ed.
260 _aBoston :
_bMc-Graw- Hill,
_c1999.
300 _axvi, 536 p. :
_bill. ;
500 _aInclude index
500 _aInclude index
650 _aphysical education and training
700 _aBucher A. Charles
942 _2lcc
_cLOAN LOAN
999 _c12342
_d12342